| 000 | 01250cam a22002295a 4500 | ||
|---|---|---|---|
| 001 | L149552 | ||
| 008 | 100319e2010 xxk 000 0 eng d | ||
| 035 | _a(Sirsi) u149552 | ||
| 041 | 0 | _aeng | |
| 100 | 1 | _aShepherd, Mark | |
| 245 | 0 | 0 |
_aMarkets _bCity, City fringe and Docklands |
| 260 | _c2010 | ||
| 490 |
_aProperty Week _v76(10) 12 March 2010, 47-52(5) |
||
| 520 | _aOverseas investors remain the most active buyers in the City market with £426m of property changing hands in early 2010, £683m under offer and £620m available. Developers are cautiously optimistic about starting City schemes after Land Securities' January West End schemes' announcement. Jones Lang LaSalle predicts a return to rental growth in the next 12 months and double-digit growth by 2012/2013. City occupiers face shortages in the development pipeline with 3m sq ft of active and 4m sq ft of prospective requirements. October completion of the 560 000 sq ft mixed use One New Change near St Pauls aims to challenge West End's retail supremacy. | ||
| 590 | _aKA | ||
| 651 | 4 | _aLondon | |
| 690 | _aPROPERTY-COMMERCIAL PROPERTY-COMMERCIAL PROPERTY MARKET | ||
| 700 | 1 | _aHayward, Deborah | |
| 700 | 1 | _aFurlong, Anthony | |
| 700 | 1 | _aGloyn, Bill | |
| 942 | _n0 | ||
| 999 |
_c82207 _d82207 |
||